[Event "Centrocoop June op-A"]
[Site "Eforie Nord "]
[Date "1998.??.??"]
[Round "?"]
[White "Borisov, Venjamin"]
[Black "Minescu, O."]
[Result "1/2-1/2"]
[WhiteElo "2000"]
[BlackElo "2180"]
[PlyCount "134"]
[EventDate "1998.06.??"]
[EventType "swiss"]
[EventRounds "11"]
[EventCountry "ROU"]
[SourceTitle "EXT 2000"]
[Source "ChessBase"]
[SourceDate "1999.11.16"]
[SourceVersion "1"]
[SourceVersionDate "1999.11.16"]
[SourceQuality "1"]

1. d4 Nf6 2. c4 c5 3. e3 g6 4. Nc3 Bg7 5. Nf3 0-0 6. b3 Nc6 7. Be2 cxd4 8. Nxd4 Nxd4 9. exd4 d5 10. Bb2 b6 11. Bf3 Bb7 12. 0-0 Rc8 13. Qe2 Re8 14. Ba3 e6 15. Nb5 Ba6 16. Nd6 dxc4 17. bxc4 Rc7 18. Rac1 Qd7 19. Nxe8 Nxe8 20. Qd2 Qxd4 21. Qxd4 Bxd4 22. Rfd1 e5 23. Bd5 Nf6 24. h3 Rd7 25. Rd2 Nxd5 26. cxd5 Rxd5 27. Rc7 e4 28. Rxa7 Bd3 29. Bb2 Bxb2 30. Rxb2 b5 31. a4 bxa4 32. Rb8+ Kg7 33. Rbb7 Rf5 34. Rxa4 Re5 35. Rd4 h5 36. Rc7 Bb5 37. h4 Kg8 38. Kh2 Rf5 39. Kg3 Bd3 40. Rcd7 Kg7 41. R4d5 Rxd5 42. Rxd5 Bc2 43. Kf4 Bb1 44. Ke5 Bc2 45. g3 Bb1 46. Rd2 f6+ 47. Ke6 g5 48. Rd7+ Kg6 49. Rd6 gxh4 50. gxh4 Ba2+ 51. Ke7 Kf5 52. Rxf6+ Kg4 53. Kd6 Kxh4 54. Rg6 Bb3 55. Ke5 Bd1 56. Kf4 Bf3 57. Rg1 Kh3 58. Kg5 h4 59. Kf4 Kh2 60. Rg5 h3 61. Ke3 Bg2 62. f4 exf3 63. Kf2 Bh1 64. Rg1 Bg2 65. Re1 Bh1 66. Re3 Bg2 67. Ra3 Bh1 1/2-1/2

[Event "Centrocoop June op-A"]
[Site "Eforie Nord "]
[Date "1998.??.??"]
[Round "?"]
[White "Tikhomirov, Sergei"]
[Black "Minescu, O."]
[Result "1-0"]
[WhiteElo "2435"]
[BlackElo "2180"]
[PlyCount "51"]
[EventDate "1998.06.??"]
[EventType "swiss"]
[EventRounds "11"]
[EventCountry "ROU"]
[SourceTitle "EXT 2000"]
[Source "ChessBase"]
[SourceDate "1999.11.16"]
[SourceVersion "1"]
[SourceVersionDate "1999.11.16"]
[SourceQuality "1"]

1. e4 c5 2. Nf3 d6 3. d4 cxd4 4. Nxd4 Nf6 5. Nc3 g6 6. Bc4 Bg7 7. f3 Nc6 8. Nxc6 bxc6 9. Be3 a5 10. Bb3 Be6 11. Qe2 0-0 12. 0-0 Qc7 13. Rad1 Rfd8 14. Bxe6 fxe6 15. Na4 c5 16. Qc4 Kf7 17. b3 Qc6 18. Rf2 Qa6 19. Qxa6 Rxa6 20. Nxc5 Rc6 21. Nd3 Nd7 22. c4 a4 23. Rc2 Rdc8 24. f4 d5 25. Nb4 R6c7 26. exd5 1-0